Who said these Dreamcatcher iconic quotes #8 - Statistics

General Stats
  • This quiz has been taken 32 times
  • The average score is 9 of 10
Answer Stats
Quote Member % Correct
I like people, all kinds of people Yoohyeon
100%
I will bring you to my place, you won't sleep tonight Dami
97%
They're both females? Then it won't work Handong
97%
They are educated perverts JiU
97%
What would you watch? At dawn! She's 24 years old! SuA
97%
The birthday gift I gave you, quickly tell them about it… I gave you my love Gahyun
94%
Jiu doesn't wear any clothes in the dorm SuA
94%
Did you kiss me while I was asleep?!! Yoohyeon
94%
Morning has arrived. Wake up. You punk. Siyeon
90%
WHAT WHAT WHAT WHAT WHAT WHAT WHAT WHAT WHAT WHAT SuA
90%
No matching quizzes found
Score Distribution
Percent of People with Each Score
Percentile by Number Answered
Your Score History
You have not taken this quiz